000 00633nam a22002177a 4500
001 00028794
005 20260416140418.0
008 260416b ag ||||| |||| 00| 0 spa d
020 _a9788420637853
040 _aAR-CcCEOS
_bspa
_cAR-CcCEOS
041 _aspa
080 _a982
090 _bASI
100 1 _aAsimov, Isaac,
_d1920-1992
_91063
245 _aLos Estados Unidos desde 1816 hasta la Guerra Civil :
_bHistoria universal Asimov /
_cIsaac Asimov
250 _a1ยช ed.
264 _aMadrid :
_bAguilar,
_cc1975.
300 _a362 p. ;
_c19x12 cm.
655 0 _aliteratura inglesa
_vnovela
_9904
942 _2udc
_cBK
_n0
999 _c28830
_d28830